| 000 | 00807cam a2200217 4500 | ||
|---|---|---|---|
| 001 | RS0302 | ||
| 008 | 020808n2002 000 0 eng u | ||
| 020 | _a1842191047 | ||
| 035 | _a(Sirsi) u119270 | ||
| 050 | _a333.332 | ||
| 100 | _aDiaz, J. | ||
| 245 | _aBehavioural research in appraisal and some perspectives on implications for practice | ||
| 260 |
_aLondon _bRICS Foundation _c2002 |
||
| 300 |
_a14p. _c30cm. |
||
| 490 | _aRICS Foundation Research Review Series | ||
| 520 | _aReviews the findings of behavioural research under the following themes: overall methods of valuation; comparable sales selection; biases and heuristics; feedback and client influences. | ||
| 650 | _aAPPRAISAL | ||
| 650 | _aBEHAVIOURAL ASPECTS | ||
| 690 | _aPROPERTY-PROPERTY APPRAISAL AND VALUATION | ||
| 942 | _n0 | ||
| 999 |
_c102278 _d102278 |
||